000 00572cam a22002177a 4500
001 88744
005 20240202015403.0
008 930315s1992 enka b 001 0 eng
020 _a0044408501 (pbk.)
020 _a0044406630 (cased)
040 _aDLC
_cDLC
082 _222
_a306.
245 0 4 _aThe feminist companion to mythology /
_cedited by Carolyne Larrington.
260 _aLondon :
_bPandora Press,
_c1992.
300 _axiii, 480 p. :
650 0 _aMythology.
650 0 _aGoddesses.
650 0 _aWomen
700 1 _aLarrington, Carolyne.
_eedt
942 _cL
999 _c273
_d273